Т. 2 : Лирика. Маленькие поэмы. Веселые строки; Собрание сочинений

Opis bibliograficzny
Parent link:Собрание сочинений: в 3 т./ Э. А. Асадов. Т. 2 : Лирика. Маленькие поэмы. Веселые строки.— , 1988.— 5-280-00112-0
Język:rosyjski
Wydane: 1988
Hasła przedmiotowe:
Format: Książka
KOHA link:https://koha.lib.tpu.ru/cgi-bin/koha/opac-detail.pl?biblionumber=86893

MARC

LEADER 00000nam2a2200000 4500
001 86893
005 20231031101929.0
010 |a 5280001139 
020 |a RU  |b 85-45017 
035 |a (RuTPU)RU\TPU\book\93296 
035 |a RU\TPU\book\89384 
090 |a 86893 
100 |a 20051201d1980 m y0rusy5003 ca 
101 0 |a rus 
102 |a RU 
105 |a y z 000gy 
200 0 |a Т. 2 : Лирика. Маленькие поэмы. Веселые строки 
210 |d 1988 
215 |a 448 с. 
461 1 |0 (RuTPU)RU\TPU\book\93295  |y 5-280-00112-0  |t Собрание сочинений  |o в 3 т.  |f Э. А. Асадов  |v Т. 2 : Лирика. Маленькие поэмы. Веселые строки  |d 1988 
610 1 |a советская литература 
610 1 |a поэзия 
610 1 |a стихотворения 
610 1 |a поэмы 
675 |a Р2  |z rus  |v 3 
801 0 |a RU  |b RuMRKP  |c 19950704  |g psbo 
801 1 |a RU  |b 63413507  |c 20050919  |g PSBO 
801 2 |a RU  |b 63413507  |c 20180815  |g PSBO 
942 |c BK